00877nam a22002537a 450000500170000001000130001702000220003003500130005203700160006504000120008108200180009310000280011124500920013926000330023127000320026430000260029650000210032265000480034365000300039170000260042194200270044799900190047495201300049320170124110241.0 aA-216245 c00.00a0907408087 aA-216245 bCen Lib/Ret aDPLbEN a635.9703bGAU aGault, S. Millar995116 aThe dictionary of shrubs in colour /cby S. Millar Gault ; illustrated by C.D. Brickell bLondonaPeerage Books c1983 bLondona59 Grosvenor Street a208p.c30cm(Hb)bill. ainlcludes index  a Ornamental shrubs -- Dictionaries. 995117 a Ornamental shrubs995118 aBrickell, C.D.995119 2ddccENh635.9703mGAU c135203d135203 001040718REFaLbLd2015-10-03eCen Lib/Retg0.00l0o635.9703 GAUpA-216245r2015-10-03 00:00:00t1v0.00w2015-10-03yEN